Goldsmith's Poems and Plays / (Record no. 30052)

000 -LEADER
fixed length control field 00440nam a2200169Ia 4500
003 - CONTROL NUMBER IDENTIFIER
control field OSt
005 - DATE AND TIME OF LATEST TRANSACTION
control field 20250523115041.0
008 - FIXED-LENGTH DATA ELEMENTS--GENERAL INFORMATION
fixed length control field 250310s9999||||xx |||||||||||||| ||und||
040 ## - CATALOGING SOURCE
Transcribing agency .
082 ## - DEWEY DECIMAL CLASSIFICATION NUMBER
Classification number 820
Item number G6241
100 ## - MAIN ENTRY--PERSONAL NAME
9 (RLIN) 4367
Personal name Goldsmith, Oliver
245 #0 - TITLE STATEMENT
Title Goldsmith's Poems and Plays /
Statement of responsibility, etc. Oliver Goldsmith
260 ## - PUBLICATION, DISTRIBUTION, ETC.
Place of publication, distribution, etc. London :
Name of publisher, distributor, etc. J M Dent & sons ltd,
Date of publication, distribution, etc. 1910.
300 ## - PHYSICAL DESCRIPTION
Extent 317 p.
650 #0 - SUBJECT ADDED ENTRY--TOPICAL TERM
9 (RLIN) 5738
Topical term or geographic name entry element English poetry
942 ## - ADDED ENTRY ELEMENTS (KOHA)
Koha item type Books
Source of classification or shelving scheme
Holdings
Withdrawn status Lost status Source of classification or shelving scheme Damaged status Not for loan Permanent Location Current Location Date acquired Full call number Barcode Date last seen Price effective from Koha item type
          IMU Kolkata IMU Kolkata 2025-03-10 820 G6241 F00910 2025-03-10 2025-03-10 Books
Designed and Maintained by IMU-KC Library, Kolkata Campus © Copyright All Rights Reserved

webs counters

Powered by Koha